LDR 01552nam a2200289 i 4500 001 000000361287 003 CaOOAMICUS 005 20260313111015.0 008 241230s2024 it m u000 u eng u 020 $a978-88-382-5474-1 040 $aSeMil$bita 100 1 $aZhang, Liyong.$0(OLS)http://semarc/name/121275 245 10$aDo not let food become a stumbling block for the weak :$ban exegetical-theological study of 1Cor 8:1-13 and Rom 14:13-23 /$cLiyong Zhang. 264 1$aRoma :$bStudium,$c2024. 300 $a453 p. ;$c24 cm. 490 1 $aTesi Gregoriana. Serie Teologia ;$v253 504 $aBibliografia, p. [415]-440 650 4$aBibbia . Nuovo Testamento. Lettere ai Corinzi - Commentari, studi, critica, interpretazioni.$0(OLS)http://semarc/subject/2669 650 4$aBibbia. Nuovo Testamento. Lettere ai Romani - Commentari, studi, critica, interpretazioni.$0(OLS)http://semarc/subject/48419 650 4$aBibbia. Nuovo testamento - Tema [del] Cibo.$0(OLS)http://semarc/subject/56908 830 0$aTesi Gregoriana. Serie Teologia ;$v253.$0(OLS)http://semarc/title/351 850 $aSeMil 852 $aSeMil$W1$xVenegono$y1$m2HA C 253$j253669$B252258$CSeMilBibl$Z2$F252258 $81 996 $6020$a978-88-382-5474-1$9(OLS)http://semarc/number/302191 996 $6245$aDo not let food become a stumbling block for the weak :$ban exegetical-theological study of 1Cor 8:1-13 and Rom 14:13-23$9(OLS)http://semarc/title/451972 996 $6264$aRoma :$bStudium$9(OLS)http://semarc/publisher/29617